Smart english : (Record no. 283966)
[ view plain ]
| 000 -LEADER | |
|---|---|
| fixed length control field | 00765nam a2200229Ia 4500 |
| 003 - CONTROL NUMBER IDENTIFIER | |
| control field | PILC |
| 005 - DATE AND TIME OF LATEST TRANSACTION | |
| control field | 20150511162403.0 |
| 008 - FIXED-LENGTH DATA ELEMENTS--GENERAL INFORMATION | |
| fixed length control field | 140609s9999 xx 000 0 und d |
| 020 ## - INTERNATIONAL STANDARD BOOK NUMBER | |
| International Standard Book Number | 9715844405 |
| 020 ## - INTERNATIONAL STANDARD BOOK NUMBER | |
| International Standard Book Number | 9789715844406 |
| 050 ## - LIBRARY OF CONGRESS CALL NUMBER | |
| Classification number | PE 1112 |
| Item number | .Sa196 2006 |
| 100 ## - MAIN ENTRY--PERSONAL NAME | |
| Personal name | San Miguel, J. G. |
| 245 ## - TITLE STATEMENT | |
| Title | Smart english : |
| Remainder of title | more than a worktext forgrammar and syntax / |
| Statement of responsibility, etc | J. G. San Miguel, D. C. T. Barraquio, R. DV. Revilla. |
| 260 ## - PUBLICATION, DISTRIBUTION, ETC. (IMPRINT) | |
| Place of publication, distribution, etc | Quezon City, Philippines : |
| Name of publisher, distributor, etc | C&E Publishing, Inc., |
| Date of publication, distribution, etc | 2006. |
| 300 ## - PHYSICAL DESCRIPTION | |
| Extent | 290 pages : |
| Other physical details | illustrations ; |
| Dimensions | 26 cm. |
| 500 ## - GENERAL NOTE | |
| General note | Includes glossary, index and bibliographical references. |
| 650 ## - SUBJECT ADDED ENTRY--TOPICAL TERM | |
| Topical term or geographic name as entry element | English. |
| 700 ## - ADDED ENTRY--PERSONAL NAME | |
| Personal name | Barraquio, D. C. T. |
| 700 ## - ADDED ENTRY--PERSONAL NAME | |
| Personal name | Revilla, R. DV. |
| 942 ## - ADDED ENTRY ELEMENTS (KOHA) | |
| Koha item type | Books |
| Source of classification or shelving scheme | Library of Congress Classification |
| Withdrawn status | Lost status | Source of classification or shelving scheme | Damaged status | Home library | Current library | Shelving location | Date acquired | Source of acquisition | Sub Shelving location | Total Checkouts | Full call number | Barcode | Date last seen | Price effective from | Koha item type |
|---|---|---|---|---|---|---|---|---|---|---|---|---|---|---|---|
| Library of Congress Classification | Southville International School Affiliated with Foreign Universities Library | Southville International School Affiliated with Foreign Universities Library | Southville Foreign University Section | 05/11/2015 | Library Fund | PE 1112 .Sa196 2006 | SFU1933 | 05/15/2018 | 05/11/2015 | Books |